00366nam a2200145Ia 450000500170000000800410001702000180005808200180007610000170009424500360011125000130014726000360016030000150019644000090021120241105115726.0240126s9999 xx 000 0 und d a9788179306543 a954 AHI;1 R aAhir, Rajiv. 2aA brief history of modern India a23rd ed. bSpectrum BooksaNew Delhic2017 axxxii, 783 aNULL